Research methodology : (Record no. 11685)
[ view plain ]
| 000 -LEADER | |
|---|---|
| fixed length control field | 01005cam a22002772 4500 |
| 001 - CONTROL NUMBER | |
| control field | 0000025397 |
| 005 - DATE AND TIME OF LATEST TRANSACTION | |
| control field | 20151217154532.0 |
| 008 - FIXED-LENGTH DATA ELEMENTS--GENERAL INFORMATION | |
| fixed length control field | 150831s xx 000 0 eng d |
| 020 ## - INTERNATIONAL STANDARD BOOK NUMBER | |
| International Standard Book Number | 8122436235 : |
| Terms of availability | KES 700 |
| 040 ## - CATALOGING SOURCE | |
| Original cataloging agency | KABU |
| Transcribing agency | KABU |
| 050 #0 - LIBRARY OF CONGRESS CALL NUMBER | |
| Classification number | H62 |
| Item number | .K68 2014 |
| 100 1# - MAIN ENTRY--PERSONAL NAME | |
| Personal name | Kothari, C. R. |
| -- | 0000149851 |
| 245 10 - TITLE STATEMENT | |
| Title | Research methodology : |
| Remainder of title | methods & techniques / |
| Statement of responsibility, etc. | C. R. Kothari. |
| 250 ## - EDITION STATEMENT | |
| Edition statement | 3rd ed. |
| 260 ## - PUBLICATION, DISTRIBUTION, ETC. (IMPRINT) | |
| Place of publication, distribution, etc. | New Delhi : |
| Name of publisher, distributor, etc. | New Age International publishers, |
| Date of publication, distribution, etc. | 2014. |
| 300 ## - PHYSICAL DESCRIPTION | |
| Extent | xii, 468 p. ; |
| Dimensions | 22 cm. |
| 650 #0 - SUBJECT ADDED ENTRY--TOPICAL TERM | |
| Topical term or geographic name as entry element | Research |
| General subdivision | Methodology. |
| -- | 0000149852 |
| 650 #0 - SUBJECT ADDED ENTRY--TOPICAL TERM | |
| Topical term or geographic name as entry element | Social sciences |
| General subdivision | Research |
| -- | Methodology. |
| -- | 0000149846 |
| 852 1# - LOCATION | |
| -- | P2500KES |
| 852 1# - LOCATION | |
| -- | P2500KES |
| 852 1# - LOCATION | |
| -- | P2500KES |
| 852 1# - LOCATION | |
| -- | P2500KES |
| 852 1# - LOCATION | |
| -- | P2500KES |
| 908 ## - PUT COMMAND PARAMETER (RLIN) | |
| Put command parameter | 150831 |
| 950 ## - LOCAL HOLDINGS (RLIN) | |
| -- | 1 |
| Withdrawn status | Lost status | Source of classification or shelving scheme | Not for loan | Home library | Current library | Date acquired | Total Checkouts | Full call number | Barcode | Date last seen | Date last checked out | Price effective from | Koha item type | Damaged status | Total Renewals |
|---|---|---|---|---|---|---|---|---|---|---|---|---|---|---|---|
| Library of Congress Classification | Kabarak, Main Campus | Kabarak, Main Campus | 17/12/2015 | 1 | H62 .K68 2014 c.1 | 019908 | 01/04/2016 | 25/02/2016 | 17/12/2015 | General Collection | |||||
| Lost | Library of Congress Classification | Kabarak, Main Campus | Kabarak, Main Campus | 17/12/2015 | 5 | H62 .K68 2014 c.3 | 019906 | 15/09/2017 | 15/09/2017 | 17/12/2015 | General Collection | 2 | |||
| Library of Congress Classification | Kabarak, Main Campus | Kabarak, Main Campus | 17/12/2015 | 44 | H62 .K68 2014 c.2 | 019909 | 24/03/2026 | 19/02/2026 | 17/12/2015 | General Collection | 12 | ||||
| Library of Congress Classification | Kabarak, Main Campus | Kabarak, Main Campus | 17/12/2015 | H62 .K68 2014 c.4 | 019907 | 17/12/2015 | 17/12/2015 | General Collection | |||||||
| Library of Congress Classification | Kabarak, Main Campus | Kabarak, Main Campus | 17/12/2015 | 24 | H62 .K68 2014 c.5 | 020531 | 16/09/2025 | 17/07/2025 | 17/12/2015 | General Collection | 4 |